<?xml version="1.0" encoding="UTF-8"?>
<record
    xmlns:xsi="http://www.w3.org/2001/XMLSchema-instance"
    xsi:schemaLocation="http://www.loc.gov/MARC21/slim http://www.loc.gov/standards/marcxml/schema/MARC21slim.xsd"
    xmlns="http://www.loc.gov/MARC21/slim">

  <leader>00684nam a22001937a 4500</leader>
  <controlfield tag="005">20140224173426.0</controlfield>
  <datafield tag="010" ind1=" " ind2=" ">
    <subfield code="a">B-514086</subfield>
  </datafield>
  <datafield tag="020" ind1=" " ind2=" ">
    <subfield code="a">9780521540469</subfield>
    <subfield code="c">31.00 U.K.   Rs.2543.00</subfield>
  </datafield>
  <datafield tag="035" ind1=" " ind2=" ">
    <subfield code="a">B-514086</subfield>
  </datafield>
  <datafield tag="037" ind1=" " ind2=" ">
    <subfield code="b">BSB/Ven.</subfield>
    <subfield code="a">dpl</subfield>
  </datafield>
  <datafield tag="082" ind1=" " ind2=" ">
    <subfield code="a">301.03</subfield>
  </datafield>
  <datafield tag="245" ind1=" " ind2=" ">
    <subfield code="a">The Cambridge DIctionary of Sociology /</subfield>
    <subfield code="c">edited by Bryan S. Turner</subfield>
  </datafield>
  <datafield tag="260" ind1=" " ind2=" ">
    <subfield code="b">Cambridge University Press</subfield>
    <subfield code="c">2011(3rd repr.)</subfield>
    <subfield code="a">Cambridge</subfield>
  </datafield>
  <datafield tag="270" ind1=" " ind2=" ">
    <subfield code="a">The Edinburgh Building</subfield>
    <subfield code="b">Cambridge</subfield>
    <subfield code="e">CB2 8RU, UK</subfield>
  </datafield>
  <datafield tag="300" ind1=" " ind2=" ">
    <subfield code="a">xx,688p.</subfield>
    <subfield code="c">25cm(pbk)</subfield>
  </datafield>
  <datafield tag="700" ind1=" " ind2=" ">
    <subfield code="a">Turner, bryan S.</subfield>
  </datafield>
  <datafield tag="942" ind1=" " ind2=" ">
    <subfield code="2">ddc</subfield>
    <subfield code="c">EN</subfield>
    <subfield code="m">CAM</subfield>
    <subfield code="h">301.03</subfield>
  </datafield>
  <datafield tag="999" ind1=" " ind2=" ">
    <subfield code="c">79193</subfield>
    <subfield code="d">79193</subfield>
  </datafield>
  <datafield tag="952" ind1=" " ind2=" ">
    <subfield code="0">0</subfield>
    <subfield code="1">0</subfield>
    <subfield code="4">0</subfield>
    <subfield code="7">1</subfield>
    <subfield code="8">REF</subfield>
    <subfield code="a">L</subfield>
    <subfield code="b">L</subfield>
    <subfield code="d">2014-02-24</subfield>
    <subfield code="e">BSB/945/21.03.2013/169/08.03.2013/23.03.2013</subfield>
    <subfield code="g">2543.00</subfield>
    <subfield code="l">0</subfield>
    <subfield code="o">301.03 CAM</subfield>
    <subfield code="p">B-514086</subfield>
    <subfield code="r">2014-02-24 00:00:00</subfield>
    <subfield code="t">1</subfield>
    <subfield code="v">2543.00</subfield>
    <subfield code="w">2014-02-24</subfield>
    <subfield code="y">EN</subfield>
  </datafield>
</record>
